Регионална библиотека "Любен Каравелов" - Русе

Здраве и Дълголетие (Запис номер 142177)

MARC детайли
000 -Лидер
Контролно поле с фиксирана дължина 01366nam a2200301 c 4500
003 - Код на организацията, давaща контролен номер
Контролно поле BLK
005 - Дата и час на последна редакция
Контролно поле 20180422112402.0
008 - Елементи от данни с фиксирана дължина
fixed length control field 180409b bul|||||r ||||||| ||bul||
010 ## - Наследен системен номер
LC control number KNG00148263000
040 ## - Източник на каталожния запис
Идентификатор на билиотеката - собственик на записа BLK
041 ## - Код за език
Код за езика на текст/звукозапис или на отделно заглавие Български
Код за езика КДБФ Български
080 ## - УДК
Текстов определител УДК Спортни състезания. Рекорди
УДК код - определител по УДК 796.09
УДК определител -053.8(07)
УДК - код + определител 796.09-053.8(07)
100 1# - Редна дума - Автор
Автор Бояджиев, Еню Стефанов
Авторска отговорност първи автор
R(LIN) 379580
139 ## - Редно поле
Редна дума Бояджиев, Еню Стефанов
Авторски знак Боя - Б 73
245 10 - Сведения за заглавието
Заглавие Здраве и Дълголетие
Подзаглавни данни Метод. ръководство за покриване на нормат. изисквания от НФК Нац. физкулт. комплекс Родина
Редно поле (дума) Еню Стефанов Бояджиев.
257 ## - Страна на издаване
Страна на създаване/издаване България
260 ## - Област на издателските данни
-- София
Име на издателя, разпространителя и проч. Медицина и физкултура
Година на издаване 1984
300 ## - Физическа характеристика
Страници 87 с.
Илюстрации и др. с табл.
Размери/Мащаб 20 см
380 ## - Жанр
Жанр 793/799 Спорт
490 1# - СЕРИИ (Колекции)
Име на серия Национален физкултурен комплекс "Родина"
650 #4 - Допълнително описание по предмет – тема
Основно описание – тема или топоним Физическа култура и спорт - за възрастни
9 (RLIN) 327551
653 ## - Ключова дума – ненормативна
Ключова дума спорт
852 ## - Местоположение
Форматна сигнатура Цб 128271
856 4# - Електронен адрес и достъп
Електронен формат pdf - файл
Път до файла /url/
856 4# - Електронен адрес и достъп
Електронен формат pdf - файл
Път до файла /url/
942 ## - АРТИКУЛИ
Вид на библиотечния материал Книги
Скрит в OPAC Не
944 ## - СЪЗДАВАНЕ И РЕДАКЦИЯ на ЗАПИСА
Създаване/Редакция Създаване
Дата на регистрацията/редакция 02.08.2013
Статус, дата на статуса 02.08.2013 - от С1,Р / 02.08.2013
Служител, извършил регистрацията/редакцията Наталия_Любомирова
944 ## - СЪЗДАВАНЕ И РЕДАКЦИЯ на ЗАПИСА
Създаване/Редакция Редакция
Дата на регистрацията/редакция 02.08.2013
Статус, дата на статуса 02.08.2013 - от С1,Р / 02.08.2013
Служител, извършил регистрацията/редакцията
999 ## - СИСТЕМНИ КОНТРОЛНИ НОМЕРА
Koha biblionumber 142177
Koha biblioitemnumber 142177
Наличности
Код за отписване Код за изгубен артикул Източник на класификационната схема Код за повреда Коз за рестрикции Код за отдаване Артикулен № Име на библиотеката - собственик Име на библиотеката, в която се намира в момента Статус (Текущо местоположение) Дата на вписване в системата Местоположение - отдел Цена в лева Инвентарен номер Систематично азбучна сигнатура Баркод Номер на екземпляра Цена в евро Служебна бележка Служебен тип на артикула
  Не е изгубен Universal Decimal Classification Не е повреден без рестрикции ползва се в читалня 234888 Регионална библиотека "Любен Каравелов" Русе Регионална библиотека "Любен Каравелов" Русе Хранилище 1984-01-01 Хранилище 0.67 410278 Цб 128271 900000012174 1 0.34 Дост: Dp Вид: Д N: стар фонд Дата: 01.01.1984 Книги
Изтеглен Не е изгубен Universal Decimal Classification Не е повреден без рестрикции заемане за дома 234889 Регионална библиотека "Любен Каравелов" Русе Регионална библиотека "Любен Каравелов" Русе Заемна - подръчен фонд 1984-01-01 Заемна - подръчен фонд 0.67 413994 П 796/Б 73 413994 2 0.34 Дост: Pk Вид: Ф N: стар фонд Дата: 01.01.1984 Книги
Vip Innovations Ltd, Rousse, Bulgaria 2025